| 000 | 00442nam a22001817a 4500 | ||
|---|---|---|---|
| 999 |
_c478460 _d478460 |
||
| 003 | NUST | ||
| 005 | 20180531083539.0 | ||
| 008 | 180531b ||||| |||| 00| 0 eng d | ||
| 020 | _a9788131706992 | ||
| 038 | _aSNS Library | ||
| 082 | _a546 | ||
| 100 |
_aAlan G. Sharpe _910669 |
||
| 245 |
_aInorganic Chemistry _cAlan G. Sharpe |
||
| 250 | _a3rd. Ed. | ||
| 260 |
_aIndia _bPearson _c2007 |
||
| 300 |
_a702 p. _bPb. |
||
| 942 |
_2ddc _cBK |
||